Cliquez Sur Les Départements Grâce Aux Sous-Préfectures (Click Map) - Statistiques

Statistiques générales
  • Ce quiz a été pris 71 fois
  • Le résultat moyen est 62 sur 98
Réponses sur la Carte
Les réponses sont colorées sur une échelle allant du rouge au vert en fonction du pourcentage des utilisateurs qui les ont devinées à leur premier essai. Vous pouvez retrouver ces pourcentages ci-dessous.
 
Statistiques - réponses
Réponse % Correct
Brest | Châteaulin | Morlaix
90%
Bayonne | Oloron-Sainte-Marie
85%
Béthune | Boulogne-sur-Mer | Calais | Lens | Montreuil | Saint-Omer
83%
Arcachon | Blaye | Langon | Lesparre-Médoc | Libourne
80%
Dieppe | Le Havre
80%
Avesnes-sur-Helpe | Cambrai | Douai | Dunkerque | Valenciennes
78%
Avranches | Cherbourg-en-Cotentin | Coutances
78%
Bayeux | Lisieux | Vire-Normandie
78%
Calvi | Corte
78%
Bonneville | Saint-Julien-en-Genevois | Thonon-les-Bains
75%
Châteaubriant | Saint-Nazaire
75%
Épernay | Reims | Vitry-le-François
75%
Lorient | Pontivy
75%
Aix-en-Provence | Arles | Istres
73%
Alès | Le Vigan
73%
Béziers | Lodève
73%
Fontenay-le-Comte | Les Sables-d'Olonne
73%
Grasse
73%
Le Raincy | Saint-Denis
73%
Saint-Benoît | Saint-Paul | Saint-Pierre
73%
Fontainebleau | Meaux | Provins | Torcy
70%
Forbach | Sarrebourg | Sarreguemines | Thionville
70%
Abbeville | Montdidier | Péronne
68%
Antony | Boulogne-Billancourt
68%
Brignoles | Draguignan
68%
Château-Gontier-sur-Mayenne | Mayenne
68%
Clermont | Compiègne | Senlis
68%
Étampes | Palaiseau
68%
Fougères | Redon | Saint-Malo
68%
Jonzac | Rochefort | Saintes | Saint-Jean-d'Angély
68%
Mantes-la-Jolie | Rambouillet | Saint-Germain-en-Laye
68%
Montluçon | Vichy
68%
Neufchâteau | Saint-Dié-des-Vosges
68%
Pointe-à-Pitre
68%
Albertville | Saint-Jean-de-Maurienne
65%
Altkirch | Mulhouse | Thann
65%
Ambert | Issoire | Riom | Thiers
65%
Autun | Chalon-sur-Saône | Charolles | Louhans
65%
Dax
65%
Dinan | Guingamp | Lannion
65%
Haguenau | Molsheim | Saverne | Sélestat
65%
L'Haÿ-les-Roses | Nogent-sur-Marne
65%
Limoux | Narbonne
65%
Montargis | Pithiviers
65%
Saint-Laurent-du-Maroni | Saint-Georges
65%
Bergerac | Nontron | Sarlat-la-Canéda
63%
Castres
63%
Commercy | Verdun
63%
Marmande | Nérac | Villeneuve-sur-Lot
63%
Rethel | Sedan | Vouziers
63%
Sartène
63%
Apt | Carpentras
60%
Argelès-Gazost | Bagnères-de-Bigorre
60%
Argentan | Mortagne-au-Perche
60%
Argenteuil | Sarcelles
60%
Avallon | Sens
60%
Barcelonnette | Castellane | Forcalquier
60%
Belley | Gex | Nantua
60%
Briançon
60%
Château-Thierry | Saint-Quentin | Soissons | Vervins
60%
Dole | Saint-Claude
60%
La Flèche | Mamers
60%
La Tour-du-Pin | Vienne
60%
Millau | Villefranche-de-Rouergue
60%
Beaune | Montbard
58%
Castelsarrasin
58%
Cholet | Saumur | Segré-en-Anjou-Bleu
58%
Cognac | Confolens
58%
Condom | Mirande
58%
Montbéliard | Pontarlier
58%
Montbrison | Roanne
58%
Muret | Saint-Gaudens
58%
Romorantin-Lanthenay | Vendôme
58%
Bressuire | Parthenay
55%
Brive-la-Gaillarde | Ussel
55%
Die | Nyons
55%
Lunéville | Toul | Val-de-Briey
55%
Mauriac | Saint-Flour
55%
Pamiers | Saint-Girons
55%
Saint-Amand-Montrond | Vierzon
55%
Villefranche-sur-Saône
55%
Aubusson
53%
Bar-sur-Aube | Nogent-sur-Seine
53%
Bernay | Les Andelys
53%
Florac-Trois-Rivières
53%
Langres | Saint-Dizier
53%
La Trinité | Le Marin | Saint-Pierre
53%
Bellac | Rochechouart
50%
Brioude | Yssingeaux
50%
Céret | Prades
50%
Largentière | Tournon-sur-Rhône
50%
Lure
50%
Château-Chinon | Clamecy | Cosne-Cours-sur-Loire
48%
Châteaudun | Dreux | Nogent-le-Rotrou
48%
Châtellerault | Montmorillon
48%
Chinon | Loches
48%
Figeac | Gourdon
48%
Issoudun | La Châtre | Le Blanc
43%
Aucun quiz correspondant
Distribution des résultats
% des personnes avec chaque résultat
Percentile par nombre de réponses
Votre historique - résultats
Vous n’avez pas pris ce quiz